000 01343nam a22002897a 4500
003 DO-SdBNP
005 20240311204354.0
007 ta
008 210428e1990 dr ||||grl|||s00| 0 spa d
040 _aDO-SdBNP
_bspa
_cBNPHU
041 _hspa
082 4 _a343.7293052
_bI59i
_222
110 2 _aInstituto de Capacitación Tributaria (República Dominicana)
_973226
245 1 0 _aImpuesto sobre la renta
250 _a6a. ed.
260 _aSanto Domingo :
_bINCAT,
_c1990
300 _bINCAT,
_a367 p. :
_c1990
500 _aIncluye índice temático
500 _aSexta edición actualizada de la Ley 5911 del Impuesto sobre la Renta, del 22 de mayo de 1962, con sus modificaciones emitidas hasta la fecha.-
500 _aReglamentaciones, resoluciones y normas generales presentadas según su vinculación con los artículos de la ley.-
500 _aSe reproduce además, en esta edición, la tabla para el cálculo mensual del impuesto sobre la Renta en la quinta categoría.-
500 _aIncluye la ley no. 58-89 del 30 de julio de 1989, que modifica los artículos nos. 29, 60, 68, 103 y 105 de la Ley del Impuesto sobre la Renta.
590 _aInventariado, 2021/MFF
650 4 _aImpuesto sobre la renta
_zRepública Dominicana
_vLegislación
_979448
910 _aValidado. Control de calidad MFF
942 _2ddc
_cLBS1
999 _c49793
_d49793